[Event "Challenge"]
[Site "http://www.queenalice.com/game.php?id=933532"]
[Date "2011.5.3"]
[Round "-"]
[White "Admilton"]
[Black "jnight"]
[Result "0-1"]
[WhiteElo "1571"]
[BlackElo "1648"]

1. Nf3 d5 2. h3 Nc6 3. d4 Bf5 4. e3 Nf6 5. Nc3 e6 6. a3 a6 7. Bd3 Ne4 8. g4 Nxc3
9. bxc3 Bxd3 10. cxd3 Be7 11. Qb3 h5 12. Qxb7 Na5 13. Qb2 hxg4 14. Ng1 Rb8 15.
Qe2 Nb3 16. Rb1 Nxc1 17. Qc2 Rxb1 18. Qxb1 Bxa3 19. Kd2 Qh4 20. Ke1 g3 21. f4
g2+ 0-1

[Event "Challenge"]
[Site "http://www.queenalice.com/game.php?id=937134"]
[Date "2011.5.12"]
[Round "-"]
[White "chyco"]
[Black "jnight"]
[Result "1-0"]
[WhiteElo "1699"]
[BlackElo "1682"]

1. e4 e5 2. Nf3 Nc6 3. c3 Nf6 4. b4 Nxe4 5. g3 d5 6. d3 Nd6 7. h3 Qf6 8. Nbd2 e4
9. dxe4 dxe4 10. Nh4 Be6 11. Be2 Bc4 12. O-O Qxc3 13. Rb1 Bxa2 14. Rb2 Nxb4 15.
Bg4 Rd8 16. Qa4+ b5 17. Qxb4 Qxb4 18. Rxb4 h5 19. Be2 g5 20. Ng2 Bd5 21. Ne3 Bc6
22. Bb2 Rh6 23. Nb3 Nc4 24. Nxc4 Bxb4 25. Ne5 f5 26. Nxc6 Rxc6 27. Nd4 Rcd6 28.
Nxf5 Rd3 29. Bxd3 exd3 30. Rd1 1-0

[Event "Challenge"]
[Site "http://www.queenalice.com/game.php?id=937135"]
[Date "2011.5.12"]
[Round "-"]
[White "jnight"]
[Black "chyco"]
[Result "0-1"]
[WhiteElo "1665"]
[BlackElo "1714"]

1. e4 e5 2. Nf3 d6 3. Bc4 h6 4. d3 Nf6 5. Nc3 a6 6. O-O b5 7. Bd5 Ra7 8. h3 c6
9. Be3 c5 10. b4 Rc7 11. bxc5 dxc5 12. Nxe5 Bd6 13. Nf3 Bd7 14. e5 Bxe5 15. Nxe5
b4 16. Nxf7 Qe7 17. Nxh8 bxc3 18. Ng6 Qd6 19. Bc4 Rb7 20. Rb1 Ra7 21. Bf4 Qc6
22. Rxb8+ Bc8 23. Re1+ Kd8 24. Ne7 Rxe7 25. Rxe7 Kxe7 26. Qe2+ Kd8 27. Qe6 Qxe6
28. Bxe6 Nd7 29. Bxd7 Kxd7 0-1

[Event "Challenge"]
[Site "http://www.queenalice.com/game.php?id=938159"]
[Date "2011.5.14"]
[Round "-"]
[White "sunking"]
[Black "jnight"]
[Result "1-0"]
[WhiteElo "1664"]
[BlackElo "1635"]

1. e3 e5 2. d4 e4 3. d5 d6 4. Nc3 f5 5. Nh3 c6 6. dxc6 bxc6 7. Nf4 d5 8. Na4 g6
9. Nc5 Bxc5 10. Qd2 Qd6 11. b4 Bxb4 12. c3 Ba5 13. Ke2 Nd7 14. Qd4 Ngf6 15. g3
Ne5 16. Bg2 Nc4 17. f3 c5 18. Qd2 Nxd2 19. Bxd2 O-O 20. c4 Bxd2 21. Kxd2 dxc4+
22. Ke2 Qa6 23. fxe4 c3+ 24. Kf3 1-0

[Event "Challenge"]
[Site "http://www.queenalice.com/game.php?id=939187"]
[Date "2011.5.17"]
[Round "-"]
[White "renet54"]
[Black "jnight"]
[Result "0-1"]
[WhiteElo "1677"]
[BlackElo "1663"]

1. e4 e5 2. Nf3 Nc6 3. Bb5 Nd4 4. Nxd4 exd4 5. O-O c6 6. Bc4 d5 7. exd5 cxd5 8.
Re1+ Be7 9. Bb3 Be6 10. c3 Nf6 11. cxd4 Qb6 12. Ba4+ Bd7 13. Qe2 Qe6 14. Bxd7+
Qxd7 15. b3 Kd8 16. Nc3 Re8 17. Nb5 Bb4 18. Qf1 Rxe1 19. Qxe1 Qxb5 20. Bb2 Rc8
21. Bc3 Ne4 22. Bxb4 Qxb4 23. f3 Qxd4+ 24. Kf1 Nxd2+ 25. Ke2 Kd7 26. Rd1 Re8#
0-1

[Event "Let's Play Chess!"]
[Site "http://www.queenalice.com/game.php?id=979138"]
[Date "2011.8.31"]
[Round "-"]
[White "jnight"]
[Black "josealexandreschultz"]
[Result "1-0"]
[WhiteElo "1617"]
[BlackElo "1736"]

1. e4 e5 2. Nf3 d6 3. Bc4 h6 4. d4 Nc6 5. d5 Nb8 6. h3 Nf6 7. Nc3 Be7 8. g4 O-O
9. g5 hxg5 10. Bxg5 Nh7 11. Bxe7 Qxe7 12. Qd2 f6 13. O-O-O Kf7 14. Nh4 g5 15.
Nf5 Bxf5 16. exf5 Ke8 17. Be2 Kd8 18. Ne4 Nd7 19. Rdg1 Nb6 20. h4 Kd7 21. Bb5+
c6 22. dxc6+ bxc6 23. Ba6 Kc7 24. hxg5 Rg8 25. Nxd6 Qxd6 26. Rxh7+ Nd7 27. Qa5+
Kb8 28. g6 e4 29. Rd1 Qf4+ 30. Rd2 e3 31. fxe3 Qxe3 32. Qb4+ Nb6 33. Qd6# 1-0

[Event "20110830e"]
[Site "http://www.queenalice.com/game.php?id=979162"]
[Date "2011.8.31"]
[Round "-"]
[White "jnight"]
[Black "jeike"]
[Result "1-0"]
[WhiteElo "1605"]
[BlackElo "1467"]

1. e4 e6 2. d4 c6 3. c4 Nf6 4. e5 Nh5 5. Qxh5 Qe7 6. a3 Na6 7. Bg5 Qxg5 8. Qxg5
Be7 9. Qxg7 Bf8 10. Qxh8 h6 11. Nc3 b6 12. Nf3 Bb7 13. Ne4 b5 14. Nd6+ Ke7 15.
Qf6# 1-0

[Event "20110907e"]
[Site "http://www.queenalice.com/game.php?id=982716"]
[Date "2011.9.8"]
[Round "-"]
[White "jnight"]
[Black "Huxley"]
[Result "1-0"]
[WhiteElo "1590"]
[BlackElo "1574"]

1. e4 e5 2. Nf3 Nc6 3. Bc4 Nf6 4. d3 Bc5 5. Bg5 d6 6. h3 h6 7. Bxf6 Qxf6 8. a3
O-O 9. Nc3 Nd4 10. Nd5 Qd8 11. Nxd4 Bxd4 12. Qf3 Bxb2 13. Ra2 Bd4 14. c3 Bb6 15.
Qg3 c6 16. Ne3 Be6 17. O-O Bxc4 18. Nxc4 d5 19. Nxe5 dxe4 20. Kh1 exd3 21. Qxd3
Qf6 22. Nd7 Qe6 23. Nxf8 Qxa2 24. Qh7+ Kxf8 25. Qh8+ Ke7 26. Qxa8 Qxa3 27. Qxb7+
Kf8 28. Qxc6 Ke7 29. Re1+ Kd8 30. Re8# 1-0

[Event "20110907f"]
[Site "http://www.queenalice.com/game.php?id=982717"]
[Date "2011.9.8"]
[Round "-"]
[White "Huxley"]
[Black "jnight"]
[Result "1/2-1/2"]
[WhiteElo "1643"]
[BlackElo "1638"]

1. e4 d5 2. exd5 Qxd5 3. Nc3 Qe5+ 4. Qe2 Nc6 5. Nf3 Qxe2+ 6. Bxe2 Nf6 7. O-O Nb4
8. Bd3 g6 9. Nb5 Na6 10. Bc4 e6 11. Nc3 b6 12. Bxa6 Bxa6 13. Re1 Bg7 14. d4
O-O-O 15. Bg5 h6 16. Bh4 g5 17. Bg3 Nd5 18. Nxd5 Rxd5 19. c3 c5 20. Rac1 cxd4
21. cxd4+ Kd7 22. Rc7+ Ke8 23. Rxa7 Ra5 24. Ra8+ Ke7 25. Rxh8 Bxh8 26. a3 g4 27.
Ne5 Bxe5 28. Bxe5 Rd5 29. h3 f6 30. Bf4 gxh3 31. gxh3 Rxd4 32. Bxh6 Rh4 33. Be3
b5 34. Kg2 Bc8 35. Rh1 Bb7+ 36. f3 e5 37. Kf2 Kf7 38. Rg1 Rxh3 39. Rg3 Rh2+ 40.
Rg2 Rh1 41. Rg1 Rxg1 42. Kxg1 Bxf3 43. Kf2 Bd1 44. Ke1 Bb3 45. Kd2 Ke6 46. Kc3
Bd1 47. Kb4 Be2 48. a4 bxa4 49. Kxa4 Kd5 50. b4 Kc6 51. Ka5 f5 52. Bg5 f4 53.
Bh4 f3 54. Bf2 Kd5 55. b5 Bxb5 56. Kxb5 Ke4 57. Kc4 Kf4 1/2-1/2

[Event "20110923a"]
[Site "http://www.queenalice.com/game.php?id=989008"]
[Date "2011.9.23"]
[Round "-"]
[White "jnight"]
[Black "spawnwolfwolverine"]
[Result "1-0"]
[WhiteElo "1661"]
[BlackElo "1549"]

1. e4 e5 2. Nf3 d6 3. Bc4 Bg4 4. h3 Bxf3 5. Qxf3 Qf6 6. Qb3 b6 7. Nc3 Ne7 8. O-O
g6 9. d3 Bg7 10. Nd5 Nxd5 11. Bxd5 c6 12. Qa4 O-O 13. Bxc6 Nxc6 14. Qxc6 Rfc8
15. Qa4 Rc5 16. f4 1-0

[Event "20110923b"]
[Site "http://www.queenalice.com/game.php?id=989009"]
[Date "2011.9.23"]
[Round "-"]
[White "spawnwolfwolverine"]
[Black "jnight"]
[Result "0-1"]
[WhiteElo "1562"]
[BlackElo "1648"]

1. e4 e6 2. d3 Nc6 3. g3 Bc5 4. Bg2 Nf6 5. Nf3 Ng4 6. O-O h6 7. Nc3 a6 8. Bd2
Qf6 9. a3 Nd4 10. Nxd4 Bxd4 11. Qxg4 d5 12. Ne2 Bxb2 13. Ra2 e5 14. Qf3 Bd4 15.
Nxd4 exd4 0-1

[Event "Let's Play Chess!"]
[Site "http://www.queenalice.com/game.php?id=991680"]
[Date "2011.9.30"]
[Round "-"]
[White "jnight"]
[Black "oxidare"]
[Result "0-1"]
[WhiteElo "1666"]
[BlackElo "1649"]

1. e4 d5 2. exd5 Qxd5 3. Nc3 Qe6+ 4. Qe2 Qxe2+ 5. Bxe2 c6 6. d4 e6 7. a3 h6 8.
Bf4 Nd7 9. O-O-O Ngf6 10. h3 Be7 11. Nf3 O-O 12. g4 Nh7 13. Rdg1 Bg5 0-1

[Event "Let's Play Chess!"]
[Site "http://www.queenalice.com/game.php?id=991681"]
[Date "2011.9.30"]
[Round "-"]
[White "oxidare"]
[Black "jnight"]
[Result "1-0"]
[WhiteElo "1631"]
[BlackElo "1684"]

1. d4 Nf6 2. h3 h6 3. Nf3 e6 4. e3 d5 5. Bd3 c5 6. c3 c4 7. Bc2 Bd6 8. O-O Nc6
9. Nbd2 e5 10. dxe5 Bxe5 11. Ba4 Bd7 12. Bxc6 Bxc6 13. Nxe5 1-0

[Event "20110930a"]
[Site "http://www.queenalice.com/game.php?id=991794"]
[Date "2011.10.1"]
[Round "-"]
[White "jnight"]
[Black "carionic"]
[Result "1-0"]
[WhiteElo "1673"]
[BlackElo "1405"]

1. e4 d5 2. Qf3 Nh6 3. exd5 Bg4 4. Qb3 Qxd5 5. Qxd5 Nc6 6. Bb5 Rd8 7. Qc4 Rd4 8.
Bxc6+ Rd7 9. Bxd7+ Bxd7 10. Qxc7 f5 11. d4 Nf7 12. Nf3 e6 13. O-O Bd6 14. Qxb7
O-O 15. Qxd7 Rd8 16. Qxe6 Bb8 17. Bg5 Rf8 18. Nh4 f4 19. d5 Kh8 20. Be7 Rg8 21.
Qxf7 1-0

[Event "20111001a"]
[Site "http://www.queenalice.com/game.php?id=992362"]
[Date "2011.10.2"]
[Round "-"]
[White "jnight"]
[Black "ro_reinert"]
[Result "1-0"]
[WhiteElo "1680"]
[BlackElo "693"]

1. e4 e5 2. Nf3 Nc6 3. Bc4 Qe7 4. d3 Nf6 5. h4 g6 6. Ng5 d5 7. exd5 Nd4 8. O-O
Bh6 9. Re1 Bg4 10. Nf3 Bg7 11. Nbd2 O-O 12. c3 Nf5 13. Qb3 b6 14. Rxe5 Qd7 15.
d4 a5 16. Nf1 Nd6 17. Ng3 a4 18. Qb4 Qd8 19. Ng5 Bd7 20. Bf1 Rb8 21. c4 Ng4 22.
Re2 f6 23. Ne6 Qe8 24. Nxc7 Qc8 25. Qxd6 Rb7 26. Ne6 Re8 27. Nxg7 Rd8 28. Ne6
Re8 29. b3 Rxe6 30. dxe6 Bc6 31. e7 Be8 32. Qd8 Qc6 33. d5 Rd7 34. Qxe8+ 1-0

[Event "20111001c"]
[Site "http://www.queenalice.com/game.php?id=992364"]
[Date "2011.10.2"]
[Round "-"]
[White "jnight"]
[Black "ro_reinert"]
[Result "1-0"]
[WhiteElo "1682"]
[BlackElo "689"]

1. e4 Nc6 2. d4 e6 3. Qf3 Nxd4 4. Qd3 e5 5. Nf3 c5 6. c3 c4 7. Qd1 Ne6 8. Bxc4
Bc5 9. Nxe5 Qe7 10. O-O Nf6 11. Bg5 O-O 12. Bxf6 Qxf6 13. Nxd7 Qe7 14. Nxf8 Qxf8
15. Qb3 b6 16. Nd2 Qd8 17. Rad1 a6 18. Nf3 Qf6 19. Qc2 b5 20. Bxe6 Bxe6 21. e5
Qe7 22. h4 Rc8 23. Ng5 g6 24. Kh1 Ra8 25. f4 Rc8 26. h5 Bb6 27. a3 Rc5 28. Rd6
Ba5 29. b4 Rc4 30. bxa5 Ra4 31. Rxa6 Bf5 32. Qc1 Qb7 33. Rb6 Qd5 34. Rd1 Qe4 35.
Nxe4 Bxe4 36. h6 1-0